000 00627cam a2200229 4500
001 ABS61886
008 000000n2000 000 0 eng u
035 _a(Sirsi) u104530
100 _aPearson, A.
245 _aSend in the specialists
260 _c2000
490 _aBuilding
_v8 25 February 2000 42-44(3)
520 _aDescribes the design and construction of the Building Down Barriers project.
590 _aABS
650 _aMOD
650 _aBUILDING DOWN BARRIERS
650 _aCLUSTERING
650 _aDESIGN
650 _aProcurement-old
690 _aBUILDING AND CONSTRUCTION-PROJECTS
942 _n0
999 _c62718
_d62718